[Event "FAI-chT3 1920"]
[Site "Faroe Islands"]
[Date "2019.11.03"]
[Round "3.2"]
[White "Kristiansen, Helgi"]
[Black "Fjallheim, Benjamin Reinert"]
[Result "1-0"]
[WhiteElo "1529"]
[BlackElo "1640"]
[PlyCount "75"]
[EventDate "2019.10.13"]
[EventType "team-tourn"]
[EventRounds "11"]
[EventCountry "FAI"]
[SourceTitle "CBM 195 Extra"]
[Source "ChessBase"]
[SourceDate "2020.05.31"]
[SourceVersion "1"]
[SourceVersionDate "2020.05.31"]
[SourceQuality "1"]
[WhiteTeam "Rokur"]
[BlackTeam "Havnin IV"]
[WhiteTeamCountry "FAI"]
[BlackTeamCountry "FAI"]

1. d4 Nf6 2. c4 g6 3. Nc3 Bg7 4. Nf3 0-0 5. Bg5 h6 6. Bxf6 Bxf6 7. e3 d6 8. Bd3 Nd7 9. Qc2 c5 10. 0-0 b6 11. Rfe1 Bb7 12. Be4 Bxe4 13. Nxe4 Bg7 14. Rad1 Kh7 15. Nc3 f5 16. Nd5 Nf6 17. Nf4 Qd7 18. dxc5 bxc5 19. Ne5 dxe5 20. Rxd7 Nxd7 21. Ne6 Rf6 22. Nxg7 Kxg7 23. Rd1 Nb6 24. b3 Rd6 25. Rxd6 exd6 26. e4 f4 27. Qd2 Rd8 28. Qa5 Rd7 29. Qb5 g5 30. a4 Rd8 31. a5 Nc8 32. Qb7+ Kg6 33. Kf1 Kh5 34. Qf7+ Kh4 35. g3+ Kg4 36. Kg2 fxg3 37. Qf3+ Kh4 38. fxg3# 1-0

[Event "Helsingor Xtracon op"]
[Site "Helsingor"]
[Date "2019.07.21"]
[Round "2"]
[White "Fjallheim, Benjamin Reinert"]
[Black "Woltery, Nicolai"]
[Result "0-1"]
[WhiteElo "1612"]
[BlackElo "1865"]
[PlyCount "68"]
[EventDate "2019.07.20"]
[EventType "swiss"]
[EventRounds "10"]
[EventCountry "DEN"]
[SourceTitle "CBM 191 Extra"]
[Source "ChessBase"]
[SourceDate "2019.09.30"]
[SourceVersion "1"]
[SourceVersionDate "2019.09.30"]
[SourceQuality "1"]

1. Nf3 Nf6 2. g3 g6 3. Bg2 Bg7 4. 0-0 0-0 5. d3 d5 6. Bf4 c5 7. Qd2 Re8 8. Nc3 Nc6 9. Ne5 Nxe5 10. Bxe5 Be6 11. f4 Qd7 12. a4 Rac8 13. e4 dxe4 14. Nxe4 Nxe4 15. Bxe4 Bxe5 16. fxe5 Qd4+ 17. Qf2 Qxe5 18. Bxb7 Rb8 19. Bc6 Rec8 20. Rae1 Qxb2 21. Rxe6 fxe6 22. Bd7 Rf8 23. Bxe6+ Kg7 24. Qe2 Rxf1+ 25. Kxf1 Rf8+ 26. Kg2 Qd4 27. Qe1 Qxa4 28. Qe5+ Rf6 29. Bb3 Qc6+ 30. Kg1 Qd6 31. Qe2 Rf5 32. Qe1 Qe5 33. Qc1 Rf3 34. Kg2 Qe2+ 0-1

[Event "Runavik op"]
[Site "Runavik"]
[Date "2018.11.16"]
[Round "6"]
[White "Olsen, Kaj"]
[Black "Fjallheim, Benjamin Reinert"]
[Result "0-1"]
[WhiteElo "1718"]
[BlackElo "1340"]
[PlyCount "62"]
[EventDate "2018.11.12"]
[EventType "swiss"]
[EventRounds "9"]
[EventCountry "FAI"]
[SourceTitle "CBM 187 Extra"]
[Source "ChessBase"]
[SourceDate "2018.11.04"]
[SourceVersion "1"]
[SourceVersionDate "2018.11.04"]
[SourceQuality "1"]

1. e4 e5 2. Nf3 Nc6 3. Bb5 a6 4. Ba4 b5 5. Bb3 Nf6 6. 0-0 Bc5 7. c3 d6 8. h3 0-0 9. d4 Ba7 10. Bg5 h6 11. Bh4 Bb7 12. Re1 Re8 13. dxe5 Nxe5 14. Nbd2 Nd3 15. Bxf6 Bxf2+ 16. Kf1 Qxf6 17. Re2 Ba7 18. Qc2 Nf4 19. Ree1 c5 20. c4 Ne6 21. Kg1 Nd4 22. Qd3 Nxf3+ 23. Nxf3 Qxb2 24. Qxd6 Bxe4 25. Qxa6 Bxf3 26. gxf3 Qd4+ 27. Kh1 Rxe1+ 28. Rxe1 Qf2 29. Rg1 Qxf3+ 30. Rg2 Qf1+ 31. Kh2 Bb8+ 0-1

[Event "Helsingor Xtracon op"]
[Site "Helsingor"]
[Date "2018.07.29"]
[Round "10"]
[White "Sorokin, Artem"]
[Black "Fjallheim, Benjamin Reinert"]
[Result "1-0"]
[WhiteElo "1660"]
[BlackElo "1375"]
[PlyCount "88"]
[EventDate "2018.07.21"]
[EventType "swiss"]
[EventRounds "10"]
[EventCountry "DEN"]
[SourceTitle "CBM 185 Extra"]
[Source "ChessBase"]
[SourceDate "2018.07.29"]
[SourceVersion "1"]
[SourceVersionDate "2018.07.29"]
[SourceQuality "1"]

1. e4 e5 2. Nf3 Nc6 3. d4 exd4 4. Nxd4 Bc5 5. Be3 Qf6 6. c3 Nge7 7. Bc4 d6 8. 0-0 Ne5 9. Be2 Be6 10. Nb5 0-0-0 11. Bd4 Qf4 12. Nd2 f5 13. b4 Bxd4 14. cxd4 fxe4 15. dxe5 dxe5 16. Qc2 c6 17. Nxe4 Kb8 18. Nbd6 Nf5 19. Rad1 Nxd6 20. Rxd6 Bxa2 21. g3 Qf5 22. Bd3 Rxd6 23. Nxd6 Qe6 24. Nc4 Bxc4 25. Bxc4 Qd6 26. Qc3 Qd4 27. Qxd4 exd4 28. Rd1 Rd8 29. Kf1 b6 30. Ke2 c5 31. b5 Kc8 32. Kd2 Rf8 33. f4 g5 34. f5 g4 35. Re1 Kc7 36. Re7+ Kd6 37. Re6+ Kc7 38. Re7+ Kd6 39. Re6+ Kc7 40. f6 Kd8 41. Rd6+ Kc7 42. Re6 Kd8 43. Rd6+ Kc7 44. Rc6+ Kd7 1-0

[Event "Helsingor Xtracon op"]
[Site "Helsingor"]
[Date "2018.07.23"]
[Round "4"]
[White "Fjallheim, Benjamin Reinert"]
[Black "Johansen, Svein Age"]
[Result "0-1"]
[WhiteElo "1375"]
[BlackElo "1832"]
[PlyCount "52"]
[EventDate "2018.07.21"]
[EventType "swiss"]
[EventRounds "10"]
[EventCountry "DEN"]
[SourceTitle "CBM 185 Extra"]
[Source "ChessBase"]
[SourceDate "2018.07.29"]
[SourceVersion "1"]
[SourceVersionDate "2018.07.29"]
[SourceQuality "1"]

1. e4 c5 2. Nf3 Nc6 3. d4 cxd4 4. Nxd4 Nf6 5. Nc3 d6 6. Be3 Ng4 7. Bc1 Qb6 8. Bb5 Bd7 9. Bxc6 bxc6 10. f3 Ne5 11. a4 a5 12. Ra3 g6 13. Rb3 Qa7 14. Qd2 Bg7 15. Nce2 0-0 16. Qg5 Rfe8 17. h4 Nc4 18. Rd3 e5 19. Nxc6 Bxc6 20. Rc3 d5 21. b3 dxe4 22. Rxc4 Bd5 23. Be3 Qd7 24. Rc3 exf3 25. gxf3 Bxf3 26. h5 Bxh1 0-1

[Event "Helsingor Xtracon op"]
[Site "Helsingor"]
[Date "2018.07.22"]
[Round "2"]
[White "Fjallheim, Benjamin Reinert"]
[Black "Lund, Gunnar"]
[Result "0-1"]
[WhiteElo "1375"]
[BlackElo "2216"]
[PlyCount "62"]
[EventDate "2018.07.21"]
[EventType "swiss"]
[EventRounds "10"]
[EventCountry "DEN"]
[SourceTitle "CBM 185 Extra"]
[Source "ChessBase"]
[SourceDate "2018.07.29"]
[SourceVersion "1"]
[SourceVersionDate "2018.07.29"]
[SourceQuality "1"]

1. e4 e5 2. Nf3 Nc6 3. Bc4 Nf6 4. d3 Be7 5. Nc3 d6 6. h3 Na5 7. Bb3 0-0 8. 0-0 Nxb3 9. axb3 h6 10. Be3 c5 11. Qd2 Nh7 12. Nd5 f5 13. exf5 Bxf5 14. b4 Bxh3 15. Nh2 Be6 16. Nxe7+ Qxe7 17. bxc5 d5 18. d4 e4 19. b3 Qh4 20. c4 Rf5 21. cxd5 Bxd5 22. b4 Raf8 23. f3 exf3 24. gxf3 Ng5 25. Rxa7 Bxf3 26. Nxf3 Rxf3 27. Qa2+ Kh8 28. Rxf3 Nxf3+ 29. Kg2 Qh2+ 30. Kf1 Nd2+ 31. Ke1 Rf1# 0-1

[Event "Faroes op"]
[Site "Sandavagur"]
[Date "2018.07.09"]
[Round "4"]
[White "Fjallheim, Benjamin Reinert"]
[Black "Nielsen, Suni i Horni"]
[Result "0-1"]
[WhiteElo "1375"]
[BlackElo "1487"]
[PlyCount "116"]
[EventDate "2018.07.07"]
[EventType "swiss"]
[EventRounds "9"]
[EventCountry "FAI"]
[SourceTitle "CBM 185 Extra"]
[Source "ChessBase"]
[SourceDate "2018.07.29"]
[SourceVersion "1"]
[SourceVersionDate "2018.07.29"]
[SourceQuality "1"]

1. e4 e5 2. Nf3 Nc6 3. Bc4 Nf6 4. d3 h6 5. Nc3 Bc5 6. Be3 Bb6 7. 0-0 d6 8. h3 0-0 9. Qe2 Be6 10. Bb3 Ne7 11. Rad1 Ng6 12. Rfe1 Qe7 13. d4 exd4 14. Bxd4 Bxb3 15. axb3 Bxd4 16. Nxd4 Rfe8 17. Nd5 Nxd5 18. exd5 Qxe2 19. Nxe2 Re7 20. g3 Rae8 21. Kf1 a6 22. Nd4 Rxe1+ 23. Rxe1 Rxe1+ 24. Kxe1 Ne7 25. c4 g6 26. Ke2 Kg7 27. Ke3 Kf6 28. Kf4 g5+ 29. Ke4 h5 30. b4 c6 31. dxc6 Nxc6 32. Nxc6 bxc6 33. g4 hxg4 34. hxg4 Ke6 35. Kd4 d5 36. b3 f6 37. c5 f5 38. gxf5+ Kxf5 39. Kd3 Kf4 40. Kd4 Kf3 41. Ke5 Kxf2 42. Kd6 d4 43. Kxc6 d3 44. Kb7 d2 45. c6 d1Q 46. c7 Qd7 47. Kb8 g4 48. c8Q Qxc8+ 49. Kxc8 g3 50. Kb7 g2 51. Kxa6 g1Q 52. b5 Qa1+ 53. Kb7 Qg7+ 54. Ka6 Qc7 55. b6 Qb8 56. b4 Ke3 57. b7 Kd4 58. b5 Kc5 0-1

[Event "Reykjavik op"]
[Site "Reykjavik"]
[Date "2018.03.13"]
[Round "8"]
[White "Piovar, Jaroslav"]
[Black "Fjallheim, Benjamin Reinert"]
[Result "0-1"]
[WhiteElo "1592"]
[BlackElo "1293"]
[PlyCount "137"]
[EventDate "2018.03.06"]
[EventType "swiss"]
[EventRounds "9"]
[EventCountry "ISL"]
[SourceTitle "CBM 183 Extra"]
[Source "ChessBase"]
[SourceDate "2018.04.19"]
[SourceVersion "1"]
[SourceVersionDate "2018.04.19"]
[SourceQuality "1"]

1. d4 Nf6 2. c4 g6 3. Nc3 Bg7 4. e4 d6 5. f4 Nbd7 6. Nf3 0-0 7. Be2 c5 8. d5 Nb6 9. 0-0 Bd7 10. e5 Ne8 11. Be3 Qc7 12. exd6 exd6 13. Rc1 Nf6 14. Ng5 Rfe8 15. Bd2 h6 16. Nf3 Ne4 17. b3 Nxd2 18. Qxd2 Re7 19. Rfe1 Rae8 20. Bd3 Bg4 21. Kf2 Bxf3 22. Rxe7 Qxe7 23. Kxf3 Qh4 24. g3 Qh3 25. Ne4 Bd4 26. Bf1 Qh5+ 27. g4 Qh4 28. Re1 Kf8 29. h3 f5 30. Ng3 fxg4+ 31. hxg4 Rxe1 32. Qxe1 h5 33. Qe6 hxg4+ 34. Qxg4 Qxg4+ 35. Kxg4 Kg7 36. Ne4 Nc8 37. Kg5 b6 38. Bh3 Ne7 39. Nxd6 Bf6+ 40. Kg4 a5 41. Ne4 Kf7 42. Nd6+ Kg7 43. a4 Ng8 44. Nc8 Bd8 45. d6 Kf7 46. Kf3 Nh6 47. Ke4 Kf6 48. Kd5 Nf5 49. Kc6 Ke6 50. Bxf5+ Kxf5 51. Nxb6 Kxf4 52. Nd5+ Ke4 53. Kxc5 g5 54. Kc6 g4 55. Kd7 g3 56. Kxd8 g2 57. d7 g1Q 58. Kc8 Qc5+ 59. Nc7 Qf5 60. Nd5 Kd4 61. Kc7 Qe5+ 62. Kb7 Qd6 63. Nb6 Kc5 64. Kc8 Qc6+ 65. Kd8 Qxb6+ 66. Ke8 Qe6+ 67. Kd8 Kc6 68. Kc8 Qxd7+ 69. Kb8 0-1

[Event "Runavik op"]
[Site "Runavik"]
[Date "2017.11.25"]
[Round "8"]
[White "Hojgaard, Brandur"]
[Black "Fjallheim, Benjamin Reinert"]
[Result "1-0"]
[WhiteElo "1728"]
[BlackElo "1238"]
[PlyCount "103"]
[EventDate "2017.11.20"]
[EventType "swiss"]
[EventRounds "9"]
[EventCountry "FAI"]
[SourceTitle "CBM 181 Extra"]
[Source "ChessBase"]
[SourceDate "2017.12.12"]
[SourceVersion "1"]
[SourceVersionDate "2017.12.12"]
[SourceQuality "1"]

1. d4 Nf6 2. Nf3 g6 3. e3 Bg7 4. Bd3 d6 5. 0-0 0-0 6. c3 Re8 7. e4 e5 8. d5 a5 9. c4 Na6 10. Nc3 Nc5 11. Be3 Nxd3 12. Qxd3 Nh5 13. Nd2 f5 14. f3 f4 15. Bf2 g5 16. Rfb1 Bf8 17. Kf1 g4 18. Ke2 Qg5 19. fxg4 Bxg4+ 20. Nf3 Re7 21. Kd2 Bxf3 22. gxf3 Rg7 23. Rg1 Qh6 24. Rxg7+ Nxg7 25. Rh1 Qh3 26. Ke2 Nh5 27. Qd1 Be7 28. Qf1 Qxf1+ 29. Rxf1 Rf8 30. Rg1+ Kf7 31. a3 b6 32. Nb5 Bd8 33. b4 axb4 34. axb4 Rg8 35. Rxg8 Kxg8 36. c5 bxc5 37. bxc5 dxc5 38. Bxc5 Nf6 39. Bb4 Kf7 40. Kd3 h6 41. Kc4 h5 42. Ba5 c6 43. Bxd8 cxb5+ 44. Kxb5 Nd7 45. Kc6 Ke8 46. Bg5 Nf8 47. Kd6 Nd7 48. Ke6 Nc5+ 49. Kxe5 Nd3+ 50. Kf5 Kf7 51. e5 Ke8 52. e6 1-0

[Event "Nordic-ch U13"]
[Site "Drammen"]
[Date "2017.02.17"]
[Round "2"]
[White "Fjallheim, Benjamin Reinert"]
[Black "Nesse, David"]
[Result "1-0"]
[WhiteElo "1289"]
[BlackElo "1747"]
[PlyCount "49"]
[EventDate "2017.02.17"]
[EventType "swiss"]
[EventRounds "6"]
[EventCountry "NOR"]
[SourceTitle "CBM 177 Extra"]
[Source "ChessBase"]
[SourceDate "2017.04.27"]
[SourceVersion "1"]
[SourceVersionDate "2017.04.27"]
[SourceQuality "1"]

1. e4 c5 2. Nf3 Nc6 3. d4 cxd4 4. Nxd4 Nf6 5. Nc3 d6 6. Bc4 e6 7. 0-0 Be7 8. Be3 0-0 9. Qe2 Bd7 10. f4 e5 11. fxe5 Nxe5 12. Bd5 Nxd5 13. Nxd5 Bg5 14. Nf5 Bxe3+ 15. Qxe3 Bxf5 16. Rxf5 Qh4 17. Raf1 Ng4 18. Qf4 h6 19. h3 g6 20. Rf6 h5 21. hxg4 hxg4 22. Ne7+ Kg7 23. Rxf7+ Rxf7 24. Qxf7+ Kh8 25. Nxg6# 1-0

[Event "Nordic-ch U13"]
[Site "Drammen"]
[Date "2017.02.17"]
[Round "1"]
[White "Wartiovaara, Oliver"]
[Black "Fjallheim, Benjamin Reinert"]
[Result "1/2-1/2"]
[WhiteElo "1684"]
[BlackElo "1289"]
[PlyCount "132"]
[EventDate "2017.02.17"]
[EventType "swiss"]
[EventRounds "6"]
[EventCountry "NOR"]
[SourceTitle "CBM 177 Extra"]
[Source "ChessBase"]
[SourceDate "2017.04.27"]
[SourceVersion "1"]
[SourceVersionDate "2017.04.27"]
[SourceQuality "1"]

1. d4 Nf6 2. c4 g6 3. Nf3 Bg7 4. Nc3 d6 5. e4 Bg4 6. Be3 0-0 7. Be2 Bxf3 8. Bxf3 e5 9. d5 Nbd7 10. Qd2 Nb6 11. b3 c6 12. dxc6 bxc6 13. Rd1 Nc8 14. c5 Qa5 15. cxd6 Nxd6 16. 0-0 Rfd8 17. Nd5 Qxd2 18. Nxf6+ Bxf6 19. Rxd2 Nb5 20. Rxd8+ Rxd8 21. Rc1 Rc8 22. Be2 Nd4 23. Ba6 Rc7 24. Kf1 Be7 25. Rc4 c5 26. Bxd4 exd4 27. Ke2 Bd6 28. g3 g5 29. f3 Kg7 30. Rc1 h5 31. Rf1 Kh6 32. Bc4 f6 33. Kd3 a5 34. a4 Rg7 35. Rf2 h4 36. g4 Bf4 37. h3 Re7 38. Bd5 Bc7 39. Kc4 Bd6 40. Kb5 c4 41. Bxc4 Bb4 42. Kc6 Re8 43. Kd7 Re7+ 44. Kc6 Kg7 45. Rc2 Bc3 46. Bd3 Kf8 47. Kd5 Kf7 48. Re2 Re5+ 49. Kc4 Re8 50. Rf2 Ke6 51. f4 Rc8+ 52. Kb5 gxf4 53. Rxf4 Rb8+ 54. Kc6 Ke7 55. Bc4 Bd2 56. Rf5 d3 57. Rd5 Rd8 58. Rxd8 Kxd8 59. Bxd3 Ke7 60. Bc4 Bb4 61. Kd5 Kf7 62. e5 fxe5 63. Kxe5+ Kg6 64. Bd3+ Kg5 65. Bf5 Bc3+ 66. Ke4 Bb4 1/2-1/2

[Event "FAI-chT3 1617"]
[Site "Faroe Islands"]
[Date "2017.01.28"]
[Round "5.3"]
[White "Fjallheim, Benjamin Reinert"]
[Black "Weihe, Ragnar"]
[Result "0-1"]
[WhiteElo "1239"]
[BlackElo "1395"]
[PlyCount "78"]
[EventDate "2016.10.23"]
[EventType "team-tourn"]
[EventRounds "9"]
[EventCountry "FAI"]
[SourceTitle "EXT 2020"]
[Source "ChessBase"]
[SourceDate "2019.10.17"]
[SourceVersion "1"]
[SourceVersionDate "2019.10.17"]
[SourceQuality "1"]
[WhiteTeam "Havnin V"]
[BlackTeam "Sandavagur IV"]
[WhiteTeamCountry "FAI"]
[BlackTeamCountry "FAI"]

1. e4 e5 2. Nf3 Nc6 3. Bc4 Bc5 4. Nc3 d6 5. d3 Nf6 6. Nd5 h6 7. h3 0-0 8. g4 Na5 9. g5 Nxd5 10. Bxd5 h5 11. Nh4 c6 12. Bc4 Nxc4 13. dxc4 g6 14. Qd3 Qb6 15. Rh2 Be6 16. b3 Rfd8 17. Bb2 a5 18. a3 Qc7 19. Qc3 Bd4 20. Qf3 Bxb2 21. Ra2 Bd4 22. Qf6 Re8 23. Nxg6 fxg6 24. Qxg6+ Qg7 25. Qxh5 Qh7 26. Qf3 Rf8 27. Qd3 Qg6 28. Qg3 Qxe4+ 29. Kf1 Qf4 30. Ke1 Qxg3 31. fxg3 Rf3 32. g4 Raf8 33. Rh1 Bc3+ 34. Ke2 Rf2+ 35. Kd1 e4 36. Re1 Bxe1 37. Kxe1 d5 38. Rb2 d4 39. Kd1 Rf1+ 0-1

[Event "Runavik op"]
[Site "Runavik"]
[Date "2016.11.25"]
[Round "6"]
[White "Bertholdsen, Bjarki"]
[Black "Fjallheim, Benjamin Reinert"]
[Result "0-1"]
[WhiteElo "1365"]
[BlackElo "1234"]
[PlyCount "38"]
[EventDate "2016.11.21"]
[EventType "swiss"]
[EventRounds "9"]
[EventCountry "FAI"]
[SourceTitle "CBM 175 Extra"]
[Source "ChessBase"]
[SourceDate "2016.12.12"]
[SourceVersion "1"]
[SourceVersionDate "2016.12.12"]
[SourceQuality "1"]

1. e4 e5 2. Nf3 Nc6 3. Bc4 Bc5 4. d3 Nf6 5. Bg5 h6 6. Bh4 g5 7. Bg3 d6 8. Nbd2 g4 9. Ng1 Bd7 10. Nb3 Bb6 11. Bh4 Qe7 12. Qd2 Nxe4 13. dxe4 Qxh4 14. Bd3 0-0-0 15. Qe2 h5 16. g3 Qf6 17. Nd2 Nd4 18. Qd1 Nb3 19. axb3 Qxf2# 0-1

[Event "Runavik op"]
[Site "Runavik"]
[Date "2016.11.24"]
[Round "5"]
[White "Fjallheim, Leif Reinert"]
[Black "Fjallheim, Benjamin Reinert"]
[Result "1-0"]
[WhiteElo "1527"]
[BlackElo "1234"]
[PlyCount "79"]
[EventDate "2016.11.21"]
[EventType "swiss"]
[EventRounds "9"]
[EventCountry "FAI"]
[SourceTitle "CBM 175 Extra"]
[Source "ChessBase"]
[SourceDate "2016.12.12"]
[SourceVersion "1"]
[SourceVersionDate "2016.12.12"]
[SourceQuality "1"]

1. c4 e5 2. Nc3 Nf6 3. e4 Nc6 4. d3 Bc5 5. g3 d6 6. f3 Nd4 7. Bg2 c6 8. Nge2 0-0 9. a3 a5 10. Nxd4 Bxd4 11. Bd2 Bd7 12. Rb1 b5 13. Ne2 Qb6 14. Nxd4 Qxd4 15. Qe2 bxc4 16. dxc4 Rfb8 17. Be3 Rxb2 18. Rxb2 Qc3+ 19. Rd2 Rb8 20. 0-0 Qxa3 21. Rdd1 Ne8 22. Ra1 Qc3 23. Rfc1 Qb4 24. Rc2 Ra8 25. Bd2 Qc5+ 26. Qe3 Qxe3+ 27. Bxe3 c5 28. Rb2 h6 29. Rb6 Be6 30. Bf1 Kf8 31. f4 f6 32. f5 Bg8 33. h4 h5 34. Bc1 Bf7 35. Rb7 Kg8 36. Ra4 Kf8 37. Bd2 Rc8 38. Rxa5 Nc7 39. Raa7 Kg8 40. Rxc7 1-0

[Event "Oyri Rokur op"]
[Site "Oyri"]
[Date "2016.01.30"]
[Round "4"]
[White "Fjallheim, Benjamin Reinert"]
[Black "Bertholdsen, Bjarki"]
[Result "1-0"]
[WhiteElo "1178"]
[BlackElo "1415"]
[PlyCount "63"]
[EventDate "2016.01.29"]
[EventType "swiss"]
[EventRounds "7"]
[EventCountry "FAI"]
[SourceTitle "EXT 2017"]
[Source "ChessBase"]
[SourceDate "2016.10.25"]
[SourceVersion "1"]
[SourceVersionDate "2016.10.25"]
[SourceQuality "1"]

1. e4 c5 2. Nf3 d6 3. Bc4 Nf6 4. Nc3 e6 5. d3 Be7 6. 0-0 0-0 7. Bd2 d5 8. Bb3 dxe4 9. dxe4 Nc6 10. e5 Nd7 11. Bf4 b6 12. Bc4 Bb7 13. Qd3 Nb4 14. Qe2 Bxf3 15. Qxf3 Bg5 16. Bxg5 Qxg5 17. a3 Nxe5 18. Qe4 Nxc2 19. Rac1 Nxc4 20. Rxc2 Nd2 21. f4 Nxe4 22. fxg5 Nxg5 23. Nb5 a6 24. Nc7 Ra7 25. h4 Ne4 26. Re1 Nf6 27. Nxe6 fxe6 28. Rxe6 Rb7 29. Rc3 Re8 30. Rc6 Nd5 31. Rf3 Re3 32. Rc8+ 1-0

[Event "FAI-chT3 1516"]
[Site "Faroe Islands"]
[Date "2015.10.31"]
[Round "1.3"]
[White "Dimun, Janus Ur"]
[Black "Fjallheim, Benjamin Reinert"]
[Result "0-1"]
[WhiteElo "1163"]
[BlackElo "1161"]
[PlyCount "58"]
[EventDate "2015.10.31"]
[EventType "team-tourn"]
[EventRounds "7"]
[EventCountry "FAI"]
[SourceTitle "EXT 2017"]
[Source "ChessBase"]
[SourceDate "2016.10.25"]
[SourceVersion "1"]
[SourceVersionDate "2016.10.25"]
[SourceQuality "1"]
[WhiteTeam "Havnin V"]
[BlackTeam "Havnin IV"]
[WhiteTeamCountry "FAI"]
[BlackTeamCountry "FAI"]

1. d4 Nf6 2. c4 g6 3. e3 Bg7 4. Nf3 c6 5. Be2 d5 6. 0-0 0-0 7. Nc3 Bg4 8. h3 Bf5 9. Ne5 Nbd7 10. cxd5 Nxe5 11. dxe5 Nxd5 12. e4 Nxc3 13. bxc3 Bxe4 14. f4 Qxd1 15. Rxd1 Rad8 16. Ba3 Rfe8 17. Rxd8 Rxd8 18. Bxe7 Rd2 19. Kf2 Bd3 20. Ke3 Rxe2+ 21. Kxd3 Rxg2 22. Rb1 b6 23. a4 Rg3+ 24. Ke4 Rxc3 25. Rd1 h6 26. Rd8+ Kh7 27. Bf8 Bxf8 28. Rxf8 Kg7 29. Re8 Rc4+ 0-1